Catálogo
 En Linea

A los jóvenes poetas / (Registro nro. 39951)

Detalles MARC
000 -CABECERA
campo de control de longitud fija 00757nam a2200205 a 4500
001 - NÚMERO DE CONTROL
campo de control 000040461
005 - FECHA Y HORA DE LA ÚLTIMA TRANSACCIÓN
campo de control 20201002034139.0
008 - DATOS DE LONGITUD FIJA--INFORMACIÓN GENERAL
campo de control de longitud fija 130821s2008 mx r 000 0 spa d
020 ## - NÚMERO INTERNACIONAL ESTÁNDAR DEL LIBRO
Número Internacional Estándar del Libro 9789703237319
040 ## - FUENTE DE LA CATALOGACIÓN
Centro catalogador/agencia de origen DO-SdBNP
Lengua de catalogación spa
Centro/agencia transcriptor BNPHU
100 1# - ENTRADA PRINCIPAL--NOMBRE DE PERSONA
Nombre de persona Rilke,Rainer María
9 (RLIN) 66756
245 13 - MENCIÓN DE TÍTULO
Título A los jóvenes poetas /
Mención de responsabilidad, etc. Rainer María Rilke, Charles Baudelaire; presentación de Vicente Quirarte.
260 ## - PUBLICACIÓN, DISTRIBUCIÓN, ETC.
Lugar de publicación, distribución, etc. México :
Nombre del editor, distribuidor, etc. Universiad Nacional Autónoma de México
-- Academia Mexicana de la Lengua,
Fecha de publicación, distribución, etc. 2008.
300 ## - DESCRIPCIÓN FÍSICA
Extensión 90 p. ;
Dimensiones 18 cm.
490 1# - MENCIÓN DE SERIE
Mención de serie Prequeños grandes ensayos
Designación de volumen o secuencia 38
590 ## - NOTA LOCAL (RLIN)
Nota local Inventariado, 2019/BT
700 1# - PUNTO DE ACCESO ADICIONAL--NOMBRE DE PERSONA
Nombre de persona Baudelaire, Charles
9 (RLIN) 11305
700 1# - PUNTO DE ACCESO ADICIONAL--NOMBRE DE PERSONA
Nombre de persona Quirarte, Vicente,
Término indicativo de función/relación pres.
9 (RLIN) 66757
830 #0 - PUNTO DE ACCESO ADICIONAL DE SERIE-TÍTULO UNIFORME
Título uniforme Prequeños grandes ensayos
Número de parte o sección de la obra 38
9 (RLIN) 66758
Existencias
Estado de retiro Estado de pérdida Restricciones de uso No para préstamo Código de colección Localización permanente Ubicación/localización actual Ubicación en estantería Fecha de adquisición Número de inventario Total de préstamos Signatura topográfica completa Código de barras Fecha visto por última vez Precio válido a partir de Tipo de ítem Koha Número de copia
      Excluido de préstamo Monografías: Libros y Folletos General General Depósito 26.08.2013 LF1   40461-10 25.06.2020 25.06.2020 No se presta  
      Excluido de préstamo Monografías: Libros y Folletos General General Depósito 26.08.2013 LF1   40461-20 25.06.2020 25.06.2020 No se presta e.2
        Monografías: Libros y Folletos General General Depósito 26.08.2013 LF1   40461-30 25.06.2020 25.06.2020 Préstamo en sala e.3

Con tecnología Koha